00349nam a2200109Ia 4500008004100000082000800041100004100049245003100090942000600121952009700127999001500224240331s9999 xx 000 0 und d bCEN aCentre for Society and Religion, Cen 0aBreaking the Alabaster Box cL 001040708LaWERCLbWERCLcSSCd2024-03-31l0o 305.4 CENp5690r2024-03-31w2024-03-31yL c2644d2644